Tratado de las enfermedades del oído / (Record no. 162389)

MARC details
000 -LEADER
campo de control de longitud fija 00747nam a22002055i 4500
001 - NÚMERO DE CONTROL
campo de control 162389
003 - IDENTIFICADOR DE NÚMERO DE CONTROL
campo de control ES-MaACL
005 - FECHA Y HORA DE LA ÚLTIMA TRANSACCIÓN
campo de control 20260201063017.0
008 - DATOS DE LONGITUD FIJA--INFORMACIÓN GENERAL
campo de control de longitud fija 940301s1886 sp |||| | spa d
040 ## - FUENTE DE CATALOGACIÓN
Centro catalogador/agencia de origen AS
Lengua de catalogación spa
100 1# - ENTRADA PRINCIPAL--NOMBRE DE PERSONA
Nombre de persona Politzer, Adam,
Fechas asociadas al nombre 1835-1920
9 (RLIN) 131243
245 10 - MENCIÓN DEL TÍTULO
Título Tratado de las enfermedades del oído /
Mención de responsabilidad, etc. por Adam Politzer ; versión española de Turró, Francos, Lasbennes.
260 ## - PUBLICACIÓN, DISTRIBUCIÓN, ETC.
Lugar de publicación, distribución, etc. Madrid :
Nombre del editor, distribuidor, etc. [s.n.],
Fecha de publicación, distribución, etc. 1886 (
Fabricante Est. tip. de Enrique Teodoro)
300 ## - DESCRIPCIÓN FÍSICA
Extensión 2 v. (VII, 408 ; 473 p.) :
Otras características físicas il. ;
Dimensiones 24 cm.
650 #4 - PUNTO DE ACCESO ADICIONAL DE MATERIA--TÉRMINO DE MATERIA
Término de materia o nombre geográfico como elemento de entrada Oído-
Subdivisión general Enfermedades.
9 (RLIN) 136645
700 1# - ENTRADA AGREGADA--NOMBRE PERSONAL
Nombre de persona Turró, Ramón,
Fechas asociadas al nombre 1854-1926
9 (RLIN) 111758
700 0# - ENTRADA AGREGADA--NOMBRE PERSONAL
Nombre de persona Lasbennes, Luis.
9 (RLIN) 70420
852 ## - LOCALIZACIÓN
Ubicación ES-MaACL
Número de control de estantería F-12292-93
Nota libre -- Enc. hol.
Holdings
Estatus retirado Estado de pérdida Estado de daño No para préstamo Colección Biblioteca de origen Biblioteca actual Ubicación en estantería Fecha de adquisición Total de préstamos Signatura topográfica completa Código de barras Visto por última vez Precio de reemplazo Tipo de ítem Koha
        Libros del s. XIX Biblioteca del Ateneo de Madrid Biblioteca del Ateneo de Madrid Sala Pecera Planta 2 17/01/2008   F-12292-93 1170124 23/02/2023 23/02/2023 Libro impreso antiguo